[Event "IOM Open-Masters 2017"]
[Site "Douglas"]
[Date "2017.09.27"]
[Round "5"]
[White "Pichot, Alan"]
[Black "Rapport, Richard"]
[Result "0-1"]
[WhiteElo "2565"]
[BlackElo "2675"]
[Annotator "TA"]
[PlyCount "92"]
[EventDate "2017.??.??"]
[EventType "swiss"]
[EventCountry "GBR"]
[SourceTitle "playchess.com"]
[Source "ChessBase"]
[SourceQuality "1"]

{[%evp 16,92,36,49,45,46,45,37,69,71,85,89,77,76,117,0,0,0,16,-57,-47,-50,-38,-17,0,-38,-9,-8,0,-7,0,-173,-175,-172,-157,-157,-173,-164,-157,-148,-145,-191,-113,-108,-101,-138,-143,-141,-140,-134,-142,-168,0,0,0,-40,-29,-27,0,0,0,-19,-25,-599,-583,-592,-591,-564,0,-238,0,-572,-564,-552,-543,-29988,-29989,-29989,-520]} 1. e4 Nc6 2. Nf3 d6 3. d4 Nf6 4. Nc3 g6 5. Be2 Bg7 6. O-O O-O 7. d5 Nb8 8. Be3 c6 9. a4 {LiveBook: 7 Partien. B08: Pirc-Ufimzew-Verteidigung} b6 (9... a5 10. h3 Na6 11. dxc6 bxc6 12. e5 Ne8 13. exd6 Qxd6 14. Qc1 Nb4 15. Rd1 Qc7 16. Bh6 Nf6 {0-1 (55) Wang,H (2734)-Mamedyarov,S (2746) Almaty 2016}) 10. Nd4 $146 ({Vorgänger:} 10. Qd2 Bb7 11. Bh6 Nbd7 12. Bxg7 Kxg7 13. dxc6 Bxc6 14. Qd4 Qc7 15. Bb5 Nc5 16. Bxc6 Qxc6 {1-0 (45) Pedersen,D (2245)-Pedersen,J (2340) Aarhus 1995}) 10... cxd5 11. exd5 {Weiß steht etwas besser.} a6 12. f4 Qd7 13. Bf3 Ng4 14. Bc1 Qc7 15. Ne6 (15. h3 $16 Nf6 16. Be3) 15... fxe6 $11 16. Bxg4 e5 17. Bxc8 (17. Ne4 $11) 17... Qxc8 $15 18. fxe5 Qc5+ 19. Kh1 {Und weiter mit e6 wäre nett.} Nd7 20. Bg5 Nxe5 21. Bxe7 Rxf1+ 22. Qxf1 Qb4 {Droht ...Te8 und aus.} 23. Re1 $2 (23. Rb1 $1 $11 {und Weiss muss sich keine Sorgen machen.}) 23... Re8 $19 24. Bg5 Qxb2 25. Ne4 Qxc2 {Droht stark ...Tf8.} 26. Nf6+ ({Vergiftet wäre} 26. Nxd6 $2 Rf8 $19) 26... Bxf6 $1 27. Qxf6 Qxa4 28. h3 Nf7 (28... Qd7 $1 $19 {Und ...a5 würde nun gewinnen.} 29. Rb1 Rf8 30. Qe6+ Qxe6 31. dxe6 Nc4) 29. Ra1 $17 Qc4 30. Bd2 Qxd5 31. Bc3 {[%csl Gc3][%cal Rf6g7]} Ne5 32. Rxa6 Rf8 33. Qe7 Qd1+ $2 (33... Qc4 $1 $19 34. Bxe5 dxe5) 34. Kh2 $11 {[#]} Nf3+ $1 {[%mdl 512]} 35. Kg3 {[%csl Gc3][%cal Re7g7]} (35. gxf3 Qc2+) 35... Nd4 36. Kh2 {Weiss droht Ta7 und Matt.} Nf3+ 37. Kg3 {[%csl Gc3][%cal Re7g7]} Nd4 38. Kh2 {Beabsichtigt Ta7 und Matt.} Qc1 39. Qxd6 $2 {[%mdl 8192]} (39. Qb7 $1 $11 {und Weiss steht sicher.} Qg5 40. Qe4 Qe5+ 41. Qxe5 dxe5 42. Rxb6) 39... Qxc3 $19 40. Qd5+ Kg7 41. Qe5+ Kg8 (41... Kh6 $142 $1 42. Qe7 Ne6 $1 {[%mdl 512]} 43. Qh4+ Kg7 44. Ra7+ Nc7) 42. Qd5+ {[#]} Kg7 $2 ({Besser ist} 42... Rf7 $1 $19 43. Ra7 {[#]} Nf3+ $1 {[%mdl 512]} 44. gxf3 Qxf3 45. Qxf3 Rxf3) 43. Ra7+ $2 {[%mdl 8192]} (43. Qe5+ $1 $11 {und Weiss ist OK.} Kh6 44. Qe7) 43... Kh6 44. Qe4 {[%cal Re4h4]} Nf5 {( -> ...Dg3+)} 45. Qb7 Qe5+ 46. Kg1 Qg7 {Precision: Weiß = 59%, Schwarz = 62%.} (46... Re8 $142 47. Qxh7+ Kg5 48. h4+ Nxh4 49. Ra3 Rc8 50. Qf7 Rc1+ 51. Qf1 Qc5+ 52. Kh2 Rxf1 53. Rg3+ Kf4 54. Rf3+ Nxf3+ 55. gxf3 Kxf3 56. Kh3 Qh5#) 0-1

[Event "IOM Open-Masters 2017"]
[Site "Douglas"]
[Date "2017.09.27"]
[Round "5"]
[White "Wagner, Dennis"]
[Black "Krishna C R G"]
[Result "1-0"]
[WhiteElo "2564"]
[BlackElo "2367"]
[Annotator "TA"]
[PlyCount "165"]
[EventDate "2017.??.??"]
[EventType "swiss"]
[EventCountry "GBR"]
[SourceTitle "playchess.com"]
[Source "ChessBase"]
[SourceQuality "1"]

{[%evp 9,165,29,34,12,49,52,55,29,29,33,42,41,75,51,44,43,44,16,42,43,51,45,67,67,68,61,93,59,108,103,137,120,142,80,85,85,77,83,75,81,83,83,79,66,84,64,124,128,110,129,128,128,138,137,124,60,126,110,97,72,97,88,117,118,154,147,139,152,134,70,75,75,79,61,70,68,65,75,75,75,97,71,107,62,116,117,119,60,60,60,60,60,68,61,62,64,60,43,68,48,76,70,71,71,65,76,65,32,35,35,72,72,72,72,78,75,85,76,80,88,108,44,316,312,353,353,353,353,353,353,353,353,353,353,353,353,353,353,353,353,353,353,353,353,353,353,353,353,353,353,353,353,1897,346,346,346,346,346]} 1. d4 d5 2. c4 c6 3. Nf3 Nf6 4. e3 Bf5 5. Nc3 a6 6. Bd2 {D15: Slav Defence: 4 Nc3 a6 and gambit lines after 4 Nc3 dxc4} (6. Be2 h6 7. Qb3 b5 8. cxd5 cxd5 9. a4 b4 10. Qxb4 Nc6 11. Qb3 e6 12. O-O Bd6 13. a5 O-O {½-½ (102) Wojtaszek,R (2736)-Fedoseev,V (2726) Dortmund 2017}) 6... g6 7. Qb3 Ra7 8. a4 {White is slightly better.} Bg7 9. Be2 O-O 10. O-O Ne4 11. Rfd1 {[%cal Rc4d5]} dxc4 $146 ({Predecessor:} 11... Nxd2 12. Nxd2 Be6 13. a5 dxc4 14. Bxc4 {1-0 (41) Nikolic,P (2612)-Bilic,V (2290) Sarajevo 2013}) 12. Bxc4 Nd6 13. Be2 Nd7 14. a5 Ra8 15. Na4 {[%cal Bc3a4,Ba4b6,Bb6a8][%mdl 32]} Rc8 16. Bb4 Rc7 17. Rac1 Nf6 18. Nb6 Nc8 19. Na8 Rd7 20. Ne5 Rd5 21. Bc4 (21. Be1 $142) 21... Nd6 $16 22. Bxd5 Nxd5 23. Nb6 $1 {[%cal Rb6d5]} Nxb6 24. axb6 Qxb6 {And now ...a5 would win.} 25. Nc4 $36 {[%mdl 2048] Keeping Black busy.} Nxc4 26. Qxc4 Re8 27. Qc5 Qc7 (27... Qxc5 $14 28. Rxc5 (28. Bxc5 e5 $16) 28... Be6) 28. Bc3 Bg4 29. f3 Bd7 30. d5 Bh6 31. Qd4 {[%csl Gc3][%cal Rd4h8]} f6 32. Be1 (32. Bd2 $16) 32... e5 ({Better is} 32... Qd6 $1 $14) 33. dxe6 Bxe6 34. Bg3 Qf7 35. Bf4 Bg7 36. Qb6 $1 f5 {[#]} 37. Rd8 $1 Rxd8 38. Qxd8+ Qf8 39. Qxf8+ (39. Qb6 $16) 39... Kxf8 {[%mdl 4096] Endgame KRB-KB} 40. Bd6+ Kf7 41. b4 Bd5 42. Bc5 Ke6 43. Kf2 Be5 44. h3 Bc7 45. Ra1 Be5 46. Rb1 Ba2 (46... h5 $14) 47. Rd1 Bd5 48. Ke2 (48. g4 $16) 48... Bc4+ $14 49. Kd2 Bc7 50. Ra1 Kd5 51. Kc2 Bb5 52. Rd1+ Ke6 {...Ba4+ is the strong threat.} 53. Rd2 Bc4 54. e4 fxe4 55. fxe4 b6 56. Bd4 a5 57. bxa5 bxa5 58. Kc3 Bb5 59. Rf2 Bd6 60. Rf6+ Ke7 {Threatening ...c5.} 61. e5 Bb4+ 62. Kb3 c5 63. Bc3 {Black must now prevent Bxb4.} a4+ 64. Kc2 Bc4 65. Rb6 ({White should play} 65. Bxb4 $16 cxb4 66. Rf4 b3+ 67. Kb2) 65... Bxc3 $4 {[%mdl 8192]} (65... Bf1 $14) 66. Kxc3 {KR-KB} Bf1 67. h4 a3 68. Kb3 Bxg2 69. Kxa3 Bd5 70. Ka4 Bc4 71. Rc6 Bd5 72. Rd6 ({Weaker is} 72. Rxc5 Ke6 $16) 72... Bc4 73. Ka5 Be6 74. Kb5 c4 75. Kb4 h6 76. Ra6 g5 77. Ra7+ Bd7 78. hxg5 ({Don't do} 78. Kxc4 gxh4 79. Kd5 h3 $18) 78... hxg5 {Now ...g4 and Black clings on.} 79. Kxc4 {Intending Kd5 and mate.} Ke6 80. Kd4 g4 $2 (80... Bb5 81. Rg7 Kf5) 81. Ke4 $2 (81. Ra6+ Kf7 82. Ke4) 81... g3 82. Ra6+ Ke7 {[#] intending ...g2.} 83. Kf3 $1 {Precision: White = 68%, Black = 51%.} 1-0

[Event "IOM Open-Masters 2017"]
[Site "Douglas"]
[Date "2017.09.27"]
[Round "5"]
[White "Donchenko, Alexander"]
[Black "Ledger, Andrew J"]
[Result "1-0"]
[WhiteElo "2559"]
[BlackElo "2361"]
[Annotator "TA"]
[PlyCount "129"]
[EventDate "2017.??.??"]
[EventType "swiss"]
[EventCountry "GBR"]
[SourceTitle "playchess.com"]
[Source "ChessBase"]
[SourceQuality "1"]

{[%evp 33,129,3,4,-25,-28,-44,-24,-33,-22,-31,-2,-2,0,0,0,0,0,-11,12,9,19,13,16,12,28,6,15,0,0,0,0,0,44,14,8,8,14,8,8,0,0,0,0,0,0,0,0,0,0,0,0,0,0,0,0,0,0,0,8,9,13,13,13,13,13,13,13,0,13,0,13,13,13,12,13,13,41,40,29964,5689,1216,20,28,0,1308,1287,794,558,349,72,683,584,29971,29971,29985,29986,29994,29995]} 1. e4 e5 2. Nf3 Nc6 3. Bb5 a6 4. Ba4 Nf6 5. O-O Be7 6. Re1 b5 7. Bb3 d6 8. c3 O-O 9. h3 Nb8 10. d4 Nbd7 11. Nbd2 Bb7 12. Bc2 Re8 13. Nf1 Bf8 14. Ng3 g6 15. a4 c6 {C95: Spanische Partie (Breyer-Variante)} 16. b3 (16. Bg5 h6 17. Be3 Qc7 18. Bd3 Bg7 19. Qc1 Kh7 20. b4 Rac8 21. Qd2 exd4 22. cxd4 Nb6 23. axb5 cxb5 {½-½ (59) Grischuk,A (2761)-Mamedyarov,S (2800) Geneve 2017}) 16... Bg7 17. Bb2 Qc7 {LiveBook: 10 Partien. Die Stellung ist ausgeglichen.} 18. c4 {[#]} bxc4 $146 ({Vorgänger:} 18... exd4 19. Nxd4 bxc4 20. bxc4 Ne5 21. c5 dxc5 22. Nf3 Rad8 23. Qe2 {½-½ (42) Dvirnyy,D (2440)-Mikhalevski,V (2631) Trieste 2009}) 19. bxc4 exd4 $1 20. Bxd4 c5 21. Bb2 Nxe4 22. Bxe4 Bxe4 23. Nxe4 Bxb2 24. Rb1 Rab8 25. Qd2 Qc6 26. Nxd6 Rxe1+ 27. Rxe1 Bc3 28. Qxc3 Qxd6 29. g3 Nf8 30. Ng5 Qd4 31. Qf3 Qxc4 32. Re7 {[%cal Rg5f7]} Rb3 (32... f5 {is interesting.} 33. Nf7 Rb1+ 34. Kh2 Qc1 35. Qg2 Qd2) 33. Qxf7+ (33. Qf6 {keeps more tension.} Rb1+ 34. Kh2 Qd5 35. g4 h6 36. Qxf7+ Qxf7 37. Nxf7 h5 38. Ra7) 33... Qxf7 34. Nxf7 $14 {[%mdl 4096] Endspiel KTS-KTS} Ra3 35. Nh6+ Kh8 36. h4 Rxa4 37. g4 Rd4 38. Rf7 Nd7 39. g5 c4 {[%cal Bc5c4,Bc4c3][%mdl 32]} 40. Re7 Nf8 41. Rf7 Nd7 42. Kg2 c3 43. Kg3 c2 44. Re7 $1 {[%cal Re7e8] Droht Matt per Te8+.} Nf8 45. Rc7 Rd2 46. Kf3 Rd4 47. Rxc2 Rxh4 48. Rc8 Kg7 49. Rc7+ Kh8 50. Rc8 Kg7 51. Rc7+ Kh8 52. Ra7 Ra4 53. Ke3 Ra1 54. Ke4 Ra4+ 55. Ke5 {[%mdl 1024] Weiss droht Tf7 und Matt. Weiss hat Kompensation.} Ra5+ $2 {[%mdl 8192]} (55... Ra2 $14) 56. Kd6 (56. Kf6 $142 Ra4 57. Ke7 Rf4 58. f3 Kg7 59. Ke8+ Kh8 60. Rxa6 Kg7 61. Ra7+ Kh8 62. Re7 Rxf3 63. Ng4) 56... Rb5 $18 57. Ra8 $2 (57. Ke7 $18 Rb8 58. Rxa6) 57... Kg7 $11 58. Ra7+ $2 {[%mdl 8192]} (58. f4 $11 Rb6+ 59. Kc5 Rb5+ 60. Kc6) 58... Kh8 $18 59. Ke7 Rb8 60. Kf7 a5 {[#] Jetzt ...Td8 und Schwarz darf weiter klammern.} 61. f4 $2 ({Schwächer ist} 61. Rxa5 Nd7 $16) (61. Ng4 $1 $18 {ist der präzise Gewinnweg.}) 61... a4 $2 {[%mdl 8192] [#]} (61... Rd8 $16) 62. Ng4 $1 a3 63. Nf6 {Weiß setzt Matt.} h5 64. f5 {[%cal Bf4f5,Bf5g6][%mdl 32]} a2 65. fxg6 {Precision: Weiß = 58%, Schwarz = 51%.} 1-0

[Event "IOM Open-Masters 2017"]
[Site "Douglas"]
[Date "2017.09.27"]
[Round "5"]
[White "Brunello, Sabino"]
[Black "Tarjan, James E"]
[Result "1/2-1/2"]
[WhiteElo "2555"]
[BlackElo "2412"]
[Annotator "TA"]
[PlyCount "99"]
[EventDate "2017.??.??"]
[EventType "swiss"]
[EventCountry "GBR"]
[SourceTitle "playchess.com"]
[Source "ChessBase"]
[SourceQuality "1"]

{[%evp 21,99,13,33,0,0,0,0,0,0,0,0,0,0,0,0,0,0,0,0,0,7,0,0,0,0,-8,0,0,0,0,0,0,0,0,0,-4,6,1,8,0,0,0,0,0,0,0,0,0,5,0,0,0,0,0,0,0,8,8,8,0,8,0,0,0,8,0,8,0,0,0,0,0,0,0,0,0,0,0,0,0]} 1. e4 e5 2. Nf3 Nc6 3. Bc4 Nf6 4. d3 Be7 5. O-O O-O 6. a4 d6 7. a5 a6 8. Nbd2 {[%cal Bb1d2,Bd2f1,Bf1g3][%mdl 32]} h6 9. c3 Be6 10. Re1 Qd7 11. Nf1 {C55: Two Knights: 4 d3, 4 d4 exd4 5 e5 and Max Lange Attack} Rfe8 {LiveBook: 3 Games} 12. Ng3 d5 $146 {The position is equal.} ({Predecessor:} 12... Bf8 13. Bxe6 fxe6 14. d4 exd4 15. cxd4 Qf7 16. Bd2 Na7 17. Rc1 Nb5 {½-½ (60) Barua,D (2491)-Sethuraman,S (2424) Chennai 2008}) 13. Bb3 dxe4 14. dxe4 Qxd1 15. Bxd1 b5 16. axb6 cxb6 17. Be2 b5 18. b4 Reb8 19. Be3 Ng4 20. Bd2 Bf8 21. h3 Nf6 22. Be3 g6 23. Nd2 Nd7 24. Bg4 Bxg4 25. hxg4 a5 26. bxa5 Nxa5 27. Reb1 Kg7 28. f3 b4 29. Ne2 Nc6 30. Rxa8 Rxa8 31. Nb3 bxc3 {[#] White must now prevent ...c2.} 32. Nxc3 Rb8 33. Kf2 Be7 34. Nd5 Bg5 35. Nd2 (35. Bxg5 {with more complications.} hxg5 36. Rc1 Nb4 37. Nxb4 Rxb4 38. Rc7) 35... Rxb1 36. Nxb1 Bxe3+ 37. Kxe3 $11 {[%mdl 4096] Endgame KNN-KNN} Nc5 38. Nd2 Ne6 39. Nc4 g5 40. Nd6 Kg6 41. Kd2 Nf4 42. Ne3 Nd4 43. Kc3 f6 44. Kc4 h5 45. gxh5+ Kxh5 46. Ne8 Kg6 47. Kc5 Kf7 48. Nc7 Nfe6+ 49. Nxe6 Nxe6+ 50. Kc4 {Precision: White = 58%, Black = 70%.} 1/2-1/2

[Event "IOM Open-Masters 2017"]
[Site "Douglas"]
[Date "2017.09.27"]
[Round "5"]
[White "Mekhitarian, Krikor Sevag"]
[Black "Rathnakaran, K."]
[Result "0-1"]
[WhiteElo "2534"]
[BlackElo "2326"]
[Annotator "TA"]
[PlyCount "69"]
[EventDate "2017.??.??"]
[EventType "swiss"]
[EventCountry "GBR"]
[SourceTitle "playchess.com"]
[Source "ChessBase"]
[SourceQuality "1"]

{[%evp 18,69,24,16,17,16,85,69,83,81,73,60,83,51,60,57,58,47,72,0,0,10,44,-47,0,-197,-197,-182,-200,-203,-195,-187,-197,-197,-189,-198,-187,-309,-315,-1733,-1722,-2470,-2461,-29985,-29986,-29986,-29987,-29987,-29988,-29988,-29989,-29995,-29996,-29997]} 1. e4 e6 2. d4 d5 3. Nd2 Nf6 4. e5 Nfd7 5. Bd3 c5 6. c3 Nc6 7. Ngf3 g6 8. h4 h6 {C06: French Tarrasch: 3...Nf6 4 e5 Nfd7 5 Bd3 main lines} (8... Qb6 9. h5 Rg8 10. a3 Be7 11. hxg6 hxg6 12. Qa4 a6 13. Nf1 cxd4 14. cxd4 Qa5+ 15. Qxa5 Nxa5 16. Rb1 Nf8 {1-0 (48) Jones,G (2660)-Pert,N (2558) Llandudno 2017}) 9. Bc2 b6 10. Nf1 {LiveBook: 4 Games} Ba6 {The position is equal.} 11. a3 f5 $146 (11... Qc7 $11 {keeps the balance.}) ({Predecessor:} 11... Rc8 12. Ne3 Qc7 13. b4 cxd4 14. cxd4 Bb5 15. Bd3 Nxd4 16. Nxd4 {1-0 (47) Tahay,A (2098)-Erigaisi,A (2337) Bhubaneswar 2016}) 12. Ng3 Bg7 13. Ne2 Qe7 14. Nf4 Nf8 15. b4 cxd4 16. cxd4 Bc4 17. Bd3 b5 18. Bxc4 ({White should try} 18. a4 $16) 18... dxc4 $11 19. O-O Rd8 20. Bb2 (20. a4 $14) 20... g5 $36 {[%cal Bg6g5,Bg5g4][%mdl 2080] Black is pushing.} 21. Nh5 $2 {[#]} (21. a4 $1 $11 {and White is okay.} a6 22. axb5 axb5 23. Nh5) 21... g4 $1 $19 22. Nxg7+ Qxg7 23. Ne1 {[#]} Ng6 $1 {[%cal Bf8g6,Bg6h4,Bh4f3][%mdl 32]} 24. a4 a6 {[%cal Ba7a6,Ba6b5][%mdl 32]} ({Stronger than} 24... Nxb4 25. axb5 Nd5 26. Qa4 $11) ({Resist} 24... Nxh4 25. g3 $11) 25. axb5 axb5 26. Qe2 O-O 27. Nc2 (27. g3 {was worth a try.}) 27... Nxh4 {Threatens to win with ...Nf3+!} 28. Qe3 $2 (28. Ra3) 28... f4 29. Qe4 {[#]} Nf3+ $1 {[%mdl 512]} 30. Kh1 (30. gxf3 gxf3+) 30... Qg5 {[%cal Rg5h5] Black mates.} 31. gxf3 Qh5+ 32. Kg2 Qh3+ 33. Kg1 gxf3 {[%csl Gf3][%cal Rh3g2]} 34. Ne1 Kh8 35. d5 {Precision: White = 29%, Black = 70%.} 0-1

[Event "IOM Open-Masters 2017"]
[Site "Douglas"]
[Date "2017.09.27"]
[Round "5"]
[White "Harika, Dronavalli"]
[Black "Rudolf, Anna"]
[Result "0-1"]
[WhiteElo "2528"]
[BlackElo "2286"]
[Annotator "TA"]
[PlyCount "66"]
[EventDate "2017.??.??"]
[EventType "swiss"]
[EventCountry "GBR"]
[SourceTitle "playchess.com"]
[Source "ChessBase"]
[SourceQuality "1"]

{[%evp 16,66,38,43,66,50,53,54,55,53,68,41,84,59,59,81,65,62,86,78,84,92,116,102,115,36,40,34,31,35,42,-21,-14,-19,0,-70,-77,-715,-707,-698,-685,-724,-697,-670,-628,-29992,-29993,-29993,-29994,-29995,-29995,-29998,-29999]} 1. c4 c6 2. Nf3 d5 3. e3 Nf6 4. Nc3 g6 5. d4 Bg7 6. Be2 O-O 7. O-O Be6 8. b3 Ne4 {D94: Grünfeld: 4 Nf3 Bg7 5 e3} 9. Bb2 {LiveBook: 12 Games} Qa5 $146 ({Predecessor:} 9... Nd7 10. Qc2 Nd6 11. cxd5 cxd5 12. Rfc1 Rc8 13. Qd2 Nf6 14. Ne5 h5 15. Ba3 Bh6 16. Bd3 {½-½ (44) Jianu,V (2579)-Hracek,Z (2634) Tromsoe 2014}) 10. Qe1 {Black must now prevent Nxd5.} (10. Qc2 {is interesting.} Nxc3 11. Bxc3 Qc7 12. Bd3 Bg4 13. Nd2) 10... Nxc3 {White is slightly better.} 11. Bxc3 Qc7 12. Rc1 f6 13. Bd3 Nd7 14. cxd5 Bxd5 15. e4 Bf7 16. Qe2 Rae8 17. d5 cxd5 {[#]} 18. Bxf6 $1 {[%mdl 512]} Qf4 (18... Nxf6 19. Rxc7) 19. Bxg7 Kxg7 20. Bb5 ({White should play} 20. Rfe1 $16) 20... dxe4 $14 21. Nd2 Rd8 22. Nxe4 Ne5 23. Nc5 (23. f3 $14) 23... Rd2 $11 24. Qe4 $1 {[%cal Re4f4]} Bd5 {[#]} 25. Qxf4 (25. Qxd5 $1 $11 {[%mdl 512]} Rxd5 26. Ne6+ Kg8 27. Nxf4 Rxf4 28. Be2) 25... Rxf4 $40 {[%mdl 128] Black has strong attack.} 26. Rce1 $2 {[%mdl 8192] [#]} (26. Rfe1 $17 Rdxf2 27. Ne6+ $1 {[%mdl 512]} (27. Rxe5 Rxg2+ 28. Kh1 Rh4 29. Rxe7+ Kh6 30. Rxh7+ Kxh7 31. Rg1 Rhxh2#) 27... Bxe6 28. Rxe5) 26... Rg4 $1 $19 27. Ne6+ Kf6 28. Rxe5 Kxe5 29. Re1+ Kf6 30. Nc7 Rxg2+ {Black mates.} 31. Kh1 Bf3 {[%cal Rg2g5]} 32. Re6+ Kf7 {[%cal Rg2g5]} 33. Re3 Rd1+ {Precision: White = 39%, Black = 55%.} 0-1

[Event "IOM Open-Masters 2017"]
[Site "Douglas"]
[Date "2017.09.27"]
[Round "5"]
[White "Perelshteyn, Eugene"]
[Black "Vallejo Pons, Francisco"]
[Result "0-1"]
[WhiteElo "2524"]
[BlackElo "2717"]
[Annotator "TA"]
[PlyCount "88"]
[EventDate "2017.??.??"]
[EventType "swiss"]
[EventCountry "GBR"]
[SourceTitle "playchess.com"]
[Source "ChessBase"]
[SourceQuality "1"]

{[%evp 13,88,7,18,12,16,10,16,13,45,39,41,43,33,31,64,50,103,39,58,19,39,23,36,0,11,0,11,-16,-5,-16,-18,-10,-9,-3,-9,-12,-19,-44,-35,-43,-50,-90,-93,-103,-107,-112,-114,-117,-79,-110,-102,-126,-115,-126,-132,-153,-149,-163,-132,-222,-224,-274,-266,-381,-298,-379,-377,-370,-374,-372,-360,-363,-361,-340,-329,-359,-349]} 1. g3 d5 2. Nf3 Bg4 3. Bg2 Nd7 4. O-O e6 5. h3 Bh5 6. d4 {A07: Réti Opening: New York and Capablanca Systems} c6 7. c4 Be7 {LiveBook: 3 Games} 8. cxd5 {The position is equal.} exd5 9. Nc3 Bg6 $146 ({Predecessor:} 9... Ngf6 10. Nh4 O-O 11. f4 Ne4 12. Nf5 Nxc3 13. bxc3 {1-0 (34) Vachier Lagrave,M (2785)-Gunina,V (2496) Gibraltar 2016}) 10. Ne5 Nxe5 11. dxe5 f6 12. e4 dxe4 13. Qb3 Qb6 14. Qe6 ({Much weaker is} 14. Bxe4 Qxb3 15. axb3 fxe5 $11) 14... f5 (14... Qc7 $14) 15. Be3 (15. Rd1 $16) 15... Qc7 $14 16. Rac1 {[#] Threatens to win with Nb5!} Qc8 17. Qxc8+ Rxc8 18. Bxa7 Ra8 19. Be3 Nh6 {[%cal Bg8h6,Bh6f7,Bf7e5,Be5g4][%mdl 32]} 20. Rcd1 Nf7 21. e6 Ne5 22. Bd4 Bf6 23. g4 fxg4 24. hxg4 Nxg4 25. Nxe4 Bxe4 26. Bxe4 Ra4 27. Bxf6 Nxf6 28. Bc2 Rg4+ 29. Kh2 Ke7 30. Bb3 c5 31. Rc1 Rc8 32. Bc4 Rd8 33. b3 Rdd4 34. Rc3 Ne4 35. Rh3 h6 36. a4 (36. Bd3 $17 {is a better defense.}) 36... Nd2 $19 37. Re1 Rdf4 38. Kh1 (38. Rd1 $142 Nxc4 39. bxc4 Rxf2+ 40. Kh1) 38... Rh4 ({But not} 38... Nxc4 39. bxc4 Rxc4 40. a5 $19) 39. Rxh4 Rxh4+ 40. Kg2 Nxc4 41. bxc4 Rxc4 {KR-KR} 42. a5 Ra4 43. Rb1 Rb4 ({Not} 43... Kxe6 44. Rxb7 g5 45. Rb6+ Ke5 46. Rxh6 $17) 44. Re1 Rb5 {Precision: White = 47%, Black = 75%.} 0-1

[Event "IOM Open-Masters 2017"]
[Site "Douglas"]
[Date "2017.09.27"]
[Round "5"]
[White "Lubbe, Nikolas"]
[Black "Paul, Johannes"]
[Result "1-0"]
[WhiteElo "2515"]
[BlackElo "2335"]
[Annotator "TA RC"]
[PlyCount "103"]
[EventDate "2017.??.??"]
[EventType "swiss"]
[EventCountry "GBR"]
[SourceTitle "playchess.com"]
[Source "ChessBase"]
[SourceQuality "1"]

{[%evp 27,103,20,20,16,19,18,45,32,28,36,34,0,3,11,8,5,52,45,155,161,245,180,176,180,179,158,179,176,169,159,166,166,164,158,153,149,179,133,202,204,173,173,207,262,233,158,158,158,158,158,158,139,155,0,311,309,391,232,381,372,341,339,339,344,313,310,289,250,291,286,398,418,364,358,29997,29998,29998,29999]} 1. Nf3 Nf6 2. c4 c5 3. Nc3 e6 4. g3 b6 5. Bg2 Bb7 6. O-O Be7 7. Re1 Ne4 8. Nxe4 Bxe4 9. d3 Bb7 10. e4 {A30: Englische Eröffnung (Symmetrische Variante)} Nc6 (10... O-O 11. d4 cxd4 12. Nxd4 d6 13. b3 a6 14. Bb2 Qc7 15. Qg4 g6 16. e5 Bxg2 17. exd6 Bxd6 18. Kxg2 Nd7 19. Nf3 Rad8 20. Rad1 Be7 {1-0 (54) Gelfand,B (2729)-Inarkiev,E (2702) Nazran 2017}) 11. d4 Nxd4 12. Nxd4 cxd4 13. Qxd4 O-O 14. b3 Bc5 {LiveBook: 13 Partien} 15. Qd2 a5 $146 ({Vorgänger:} 15... Qe7 16. a3 a5 17. Bb2 Bc6 {½-½ (34) Davies,N (2450)-Schandorff,L (2400) Denmark 1988}) 16. Bb2 f5 17. Bd4 Bb4 18. Bc3 $40 {[%mdl 128] Weiss hat was vor.} Bc5 19. e5 Bxg2 20. Kxg2 f4 {Und weiter mit ...fxg3 wäre nett.} 21. f3 Qg5 22. Re4 Qh5 ({Günstiger ist} 22... Be3 $14 23. Qe2 Rf7) 23. Rxf4 $16 g5 (23... Rxf4 $142 24. Qxf4 Qg6) 24. Rg4 h6 25. Rf1 Rf7 26. Qd3 Raf8 27. h3 Rg7 28. Bd4 Qe8 29. Bxc5 bxc5 30. Qe3 Qe7 31. f4 Qf7 {[#] zielt auf ...h5 ab.} 32. Rf2 Qg6 (32... Qf5 $16 33. Qxc5 Qe4+ 34. Kh2 Qe1) 33. fxg5 $18 Rxf2+ 34. Qxf2 {[%mdl 4096] Endspiel Und gxh6 würde nun gewinnen. KDT-KDT} ({Finger weg von} 34. Kxf2 Rf7+ 35. Rf4 hxg5 $16) 34... h5 35. Rf4 Qxg5 36. Qe3 Qg6 37. Rf3 Qc2+ 38. Rf2 Qg6 39. Qf4 Qd3 40. g4 $2 (40. Qf8+ $16 Kh7 41. Qf3) 40... h4 $2 {[%mdl 8192]} (40... hxg4 $11 {und Schwarz muss sich keine Sorgen machen.} 41. hxg4 Qd1) 41. Qf3 Qd4 42. Qf8+ ({Auf keinen Fall} 42. Qf6 a4 $18) 42... Kh7 43. Qf6 a4 44. Qxh4+ Kg8 45. Qg3 ({Schwächer ist} 45. bxa4 Qxe5 46. Qf6 Qe4+ 47. Kg1 Qxc4 $18) 45... Qe4+ 46. Qf3 Qxe5 47. bxa4 Qd4 48. Qe2 Qc3 49. Rf3 Qa5 50. Qf2 {[#] Droht Matt per Tf8+.} Qxa4 $2 (50... Qa8 $18 51. Kg1 Qd8 52. Qxc5 Rg5) 51. Rf8+ Kh7 52. Qh4+ {Precision: Weiß = 80%, Schwarz = 52%.} 1-0